<?xml version="1.0" encoding="UTF-8"?>
<record
    xmlns:xsi="http://www.w3.org/2001/XMLSchema-instance"
    xsi:schemaLocation="http://www.loc.gov/MARC21/slim http://www.loc.gov/standards/marcxml/schema/MARC21slim.xsd"
    xmlns="http://www.loc.gov/MARC21/slim">

  <leader>01715pam a2200217   4500</leader>
  <controlfield tag="001">7623</controlfield>
  <controlfield tag="005">20181127184014.0</controlfield>
  <controlfield tag="008">980713s1999    enkab    b    001 0 eng</controlfield>
  <datafield tag="010" ind1=" " ind2=" ">
    <subfield code="a">   98030307</subfield>
  </datafield>
  <datafield tag="020" ind1=" " ind2=" ">
    <subfield code="a">0632037385</subfield>
  </datafield>
  <datafield tag="082" ind1="0" ind2="0">
    <subfield code="a">333.95/14</subfield>
    <subfield code="2">21</subfield>
  </datafield>
  <datafield tag="100" ind1="1" ind2=" ">
    <subfield code="a">Treweek, Jo.</subfield>
  </datafield>
  <datafield tag="245" ind1="1" ind2="0">
    <subfield code="a">Ecological impact assessment /</subfield>
    <subfield code="c">Jo Treweek.</subfield>
  </datafield>
  <datafield tag="260" ind1=" " ind2=" ">
    <subfield code="a">London ;</subfield>
    <subfield code="a">Malden, MA, USA :</subfield>
    <subfield code="b">Blackwell Science,</subfield>
    <subfield code="c">1999.</subfield>
  </datafield>
  <datafield tag="300" ind1=" " ind2=" ">
    <subfield code="a">xiii, 351 p. :</subfield>
    <subfield code="b">ill., maps (some col.) ;</subfield>
    <subfield code="c">25 cm.</subfield>
  </datafield>
  <datafield tag="504" ind1=" " ind2=" ">
    <subfield code="a">Includes bibliographical references (p. 311-333) and index.</subfield>
  </datafield>
  <datafield tag="505" ind1=" " ind2=" ">
    <subfield code="a">Ecological impact assessment; Contents; Preface;  Acknowledgements; 1: Introduction; 2: Legislative contexts  for ecological impact assessment; 3: Scoping; 4: Focusing  procedures; 5: Identifying and predicting impacts; 6:  Evaluation; 7: Ecological mitigation; 8: Monitoring; 9:  Geographical information systems for ecological impact  assessment; 10: Ecological impact assessment design and  analysis; Glossary; References; Index.</subfield>
    <subfield code="g"></subfield>
    <subfield code="r"></subfield>
    <subfield code="t"></subfield>
  </datafield>
  <datafield tag="520" ind1=" " ind2=" ">
    <subfield code="a">The world's ecosystems are increasingly threatened by  human development. Ecological impact assessment (EcIA) is  used to predict and evaluate the impacts of development  on ecosystems and their components, thereby providing the  information needed to ensure that ecological issues are  given full and proper consideration in development  planning. Environmental impact assessment (EIA) has  emerged as a key to sustainable development by  integrating social, economic and environmental issues in  many countries. EcIA has a major part to play as a  component of EIA but also has other potential  applications in.</subfield>
  </datafield>
  <datafield tag="650" ind1=" " ind2="0">
    <subfield code="a">Ecological assessment (Biology)</subfield>
  </datafield>
  <datafield tag="999" ind1=" " ind2=" ">
    <subfield code="c">6530</subfield>
    <subfield code="d">6530</subfield>
  </datafield>
  <datafield tag="952" ind1=" " ind2=" ">
    <subfield code="0">0</subfield>
    <subfield code="1">0</subfield>
    <subfield code="2">ddc</subfield>
    <subfield code="4">0</subfield>
    <subfield code="7">0</subfield>
    <subfield code="8">MAIN</subfield>
    <subfield code="a">RTCLIB</subfield>
    <subfield code="b">RTCLIB</subfield>
    <subfield code="c">MAIN</subfield>
    <subfield code="h"> </subfield>
    <subfield code="i">11579</subfield>
    <subfield code="l">0</subfield>
    <subfield code="o">333.9 TRE</subfield>
    <subfield code="p">30012054</subfield>
    <subfield code="r">2018-11-27 00:00:00</subfield>
    <subfield code="w">2018-11-27</subfield>
    <subfield code="y">MAIN</subfield>
  </datafield>
</record>
